<?xml version="1.0" encoding="UTF-8"?>
<record
    xmlns:xsi="http://www.w3.org/2001/XMLSchema-instance"
    xsi:schemaLocation="http://www.loc.gov/MARC21/slim http://www.loc.gov/standards/marcxml/schema/MARC21slim.xsd"
    xmlns="http://www.loc.gov/MARC21/slim">

  <leader>00716nam a22001337a 4500</leader>
  <datafield tag="040" ind1=" " ind2=" ">
    <subfield code="c">RUA</subfield>
  </datafield>
  <datafield tag="082" ind1=" " ind2=" ">
    <subfield code="a">LMA LAY2017 B652 Or.1</subfield>
  </datafield>
  <datafield tag="100" ind1=" " ind2=" ">
    <subfield code="a">LAY HONG &#x17A1;&#x17B6;&#x1799; &#x17A0;&#x17BB;&#x1784;</subfield>
  </datafield>
  <datafield tag="245" ind1=" " ind2=" ">
    <subfield code="a">study on the future of infrastruchuer plan to support developing land use master plan in s ang district kandal province &#x179F;&#x17B7;&#x1780;&#x17D2;&#x179F;&#x17B6;&#x179A;&#x1782;&#x1798;&#x17D2;&#x179A;&#x17C4;&#x1784;&#x179A;&#x17C0;&#x1794;&#x1785;&#x17C6;&#x17A0;&#x17C1;&#x178A;&#x17D2;&#x178B;&#x17B6;&#x179A;&#x1785;&#x1793;&#x17B6;&#x179F;&#x1798;&#x17D2;&#x1796;&#x17D0;&#x1793;&#x17D2;&#x1792;&#x17A2;&#x1793;&#x17B6;&#x1782;&#x178F;&#x17CB;&#x1782;&#x17B6;&#x17C6;&#x1791;&#x17D2;&#x179A;&#x178A;&#x179B;&#x17CB;&#x1780;&#x17B6;&#x179A;&#x1780;&#x179F;&#x17B6;&#x1784;&#x1782;&#x17C4;&#x179B;&#x1794;&#x17D2;&#x179A;&#x17BE;&#x1794;&#x17D2;&#x179A;&#x17B6;&#x179F;&#x17CB;&#x178A;&#x17B8;&#x1793;&#x17C5;&#x1780;&#x17D2;&#x1793;&#x17BB;&#x1784;&#x179F;&#x17D2;&#x179A;&#x17BB;&#x1780;&#x179F;&#x17D2;&#x17A2;&#x17B6;&#x1784;&#x1781;&#x17C1;&#x178F;&#x17D2;&#x178F;&#x1780;&#x178E;&#x17D2;&#x178F;&#x17B6;&#x179B;</subfield>
  </datafield>
  <datafield tag="260" ind1=" " ind2=" ">
    <subfield code="a">RUA</subfield>
    <subfield code="b">Phnom penh</subfield>
    <subfield code="c">2017</subfield>
  </datafield>
  <datafield tag="300" ind1=" " ind2=" ">
    <subfield code="a">x;56p</subfield>
    <subfield code="b">ill;</subfield>
    <subfield code="c">29cm</subfield>
  </datafield>
  <datafield tag="856" ind1=" " ind2=" ">
    <subfield code="u"> LAY HONG</subfield>
  </datafield>
  <datafield tag="942" ind1=" " ind2=" ">
    <subfield code="c">LMA</subfield>
  </datafield>
  <datafield tag="999" ind1=" " ind2=" ">
    <subfield code="c">18448</subfield>
    <subfield code="d">18448</subfield>
  </datafield>
  <datafield tag="952" ind1=" " ind2=" ">
    <subfield code="0">0</subfield>
    <subfield code="1">0</subfield>
    <subfield code="2">ddc</subfield>
    <subfield code="4">0</subfield>
    <subfield code="6">LMA_LAY2017_B652_OR_1_000000000000000</subfield>
    <subfield code="7">0</subfield>
    <subfield code="9">82469</subfield>
    <subfield code="a">LBB</subfield>
    <subfield code="b">LBB</subfield>
    <subfield code="c">B652</subfield>
    <subfield code="d">2019-12-02</subfield>
    <subfield code="l">2</subfield>
    <subfield code="o">LMA LAY2017 B652 Or.1</subfield>
    <subfield code="p">A43689</subfield>
    <subfield code="r">2020-11-27</subfield>
    <subfield code="s">2020-05-25</subfield>
    <subfield code="w">2019-12-02</subfield>
    <subfield code="y">LMA</subfield>
  </datafield>
  <datafield tag="952" ind1=" " ind2=" ">
    <subfield code="0">0</subfield>
    <subfield code="1">0</subfield>
    <subfield code="2">ddc</subfield>
    <subfield code="4">0</subfield>
    <subfield code="6">LMA_LAY2017_B652_OR_2_000000000000000</subfield>
    <subfield code="7">0</subfield>
    <subfield code="9">82470</subfield>
    <subfield code="a">LBB</subfield>
    <subfield code="b">LBB</subfield>
    <subfield code="c">B652</subfield>
    <subfield code="d">2019-12-02</subfield>
    <subfield code="l">3</subfield>
    <subfield code="o">LMA LAY2017 B652 Or.2</subfield>
    <subfield code="p">A44155</subfield>
    <subfield code="r">2023-10-18</subfield>
    <subfield code="s">2023-09-19</subfield>
    <subfield code="w">2019-12-02</subfield>
    <subfield code="y">LMA</subfield>
  </datafield>
  <datafield tag="952" ind1=" " ind2=" ">
    <subfield code="0">0</subfield>
    <subfield code="1">0</subfield>
    <subfield code="2">ddc</subfield>
    <subfield code="4">0</subfield>
    <subfield code="6">LMA_LAY2017_B652_OR_3_000000000000000</subfield>
    <subfield code="7">0</subfield>
    <subfield code="9">82471</subfield>
    <subfield code="a">LBB</subfield>
    <subfield code="b">LBB</subfield>
    <subfield code="c">B652</subfield>
    <subfield code="d">2019-12-02</subfield>
    <subfield code="l">7</subfield>
    <subfield code="m">1</subfield>
    <subfield code="o">LMA LAY2017 B652 Or.3</subfield>
    <subfield code="p">A43801</subfield>
    <subfield code="r">2022-03-15</subfield>
    <subfield code="s">2022-03-09</subfield>
    <subfield code="w">2019-12-02</subfield>
    <subfield code="y">LMA</subfield>
  </datafield>
  <datafield tag="952" ind1=" " ind2=" ">
    <subfield code="0">0</subfield>
    <subfield code="1">0</subfield>
    <subfield code="2">ddc</subfield>
    <subfield code="4">0</subfield>
    <subfield code="6">LMA_LAY2017_B652_OR_4_000000000000000</subfield>
    <subfield code="7">0</subfield>
    <subfield code="9">82472</subfield>
    <subfield code="a">LBB</subfield>
    <subfield code="b">LBB</subfield>
    <subfield code="c">B652</subfield>
    <subfield code="d">2019-12-02</subfield>
    <subfield code="l">3</subfield>
    <subfield code="o">LMA LAY2017 B652 Or.4</subfield>
    <subfield code="p">A43876</subfield>
    <subfield code="r">2024-07-16</subfield>
    <subfield code="s">2024-06-10</subfield>
    <subfield code="w">2019-12-02</subfield>
    <subfield code="y">LMA</subfield>
  </datafield>
  <datafield tag="952" ind1=" " ind2=" ">
    <subfield code="0">0</subfield>
    <subfield code="1">0</subfield>
    <subfield code="2">ddc</subfield>
    <subfield code="4">0</subfield>
    <subfield code="6">LMA_LAY2017_B652_OR_5_000000000000000</subfield>
    <subfield code="7">0</subfield>
    <subfield code="9">82473</subfield>
    <subfield code="a">LBB</subfield>
    <subfield code="b">LBB</subfield>
    <subfield code="c">B652</subfield>
    <subfield code="d">2019-12-02</subfield>
    <subfield code="l">1</subfield>
    <subfield code="o">LMA LAY2017 B652 Or.5</subfield>
    <subfield code="p">A43951</subfield>
    <subfield code="r">2021-09-21</subfield>
    <subfield code="s">2021-09-10</subfield>
    <subfield code="w">2019-12-02</subfield>
    <subfield code="y">LMA</subfield>
  </datafield>
  <datafield tag="952" ind1=" " ind2=" ">
    <subfield code="0">0</subfield>
    <subfield code="1">0</subfield>
    <subfield code="2">ddc</subfield>
    <subfield code="4">0</subfield>
    <subfield code="6">LMA_LAY2017_B652_OR_6_000000000000000</subfield>
    <subfield code="7">0</subfield>
    <subfield code="9">82474</subfield>
    <subfield code="a">LBB</subfield>
    <subfield code="b">LBB</subfield>
    <subfield code="c">B652</subfield>
    <subfield code="d">2019-12-02</subfield>
    <subfield code="l">3</subfield>
    <subfield code="o">LMA LAY2017 B652 Or.6</subfield>
    <subfield code="p">A45161</subfield>
    <subfield code="r">2023-07-14</subfield>
    <subfield code="s">2023-06-19</subfield>
    <subfield code="w">2019-12-02</subfield>
    <subfield code="y">LMA</subfield>
  </datafield>
</record>
